000 00689nam a22001695i 4500
001 156167
003 ES-MaACL
005 20230906210333.0
008 020305s1873 sp |||| | spa d
040 _aCAM
_bspa
_cCAM
100 1 _aJackson Veyán, José.
_965824
245 1 0 _aCorona y gorro frigio
_b: paralelo en un acto y ocho cuadros /
_coriginal y en verso de José Jackson Veyan.
260 _aMadrid :
_b[s.n.],
_c1873 (
_fImprenta de José Rodríguez)
300 _a27 p. ;
_c19 cm.
596 1 _aAl v. de port. consta : "... Galería Dramática y Lírica, titulada el Teatro, de Alonso Gullon..."
852 _aES-MaACL
_jF-4093(8)
_z-- Enc. hol.
_q-- Falto de la cub. original
999 _c156167
_d156167